000 00881cam a22002531i 4500
003 SA-RiAUC
005 20250522052753.0
008 250521s2024 le f 000 0 ara c
020 _a9789953520643
040 _aSA-JeALM
_bara
_cSA-RiAUC
_erda
082 0 4 _a229
_qSA-RiAUC
090 _a229
_bج ي و
100 1 _aالجيوشى, محمد إبراهيم.
_eمؤلف.
245 1 0 _aدراسات قرآنية /
_cمحمد إبراهيم الجيوشى.
264 1 _aالقاهرة :
_bمطبعة العمرانية للأوفست
_c1988
300 _a320 صفحة ؛
_c24 × 17 سم
336 _aنص
_btxt
_2rdacontent
_3كتاب
337 _aبدون وسيط
_bn
_2rdamedia
338 _aمجلد
_bnc
_2rdacarrier
630 2 7 _aالقرآن
_xمباحث عامة
_2aucut
730 2 _aالقرآن
942 _2ddc
_cBOOK
_n0
949 _aSA-JeALM
_d250521
_umohamedma123
_n1
999 _c8230
_d8230